00491 a2200181 450000100060000002000150000604000240002110000150004524000330006024500280009330000080012136200090012944000120013865000310015094200070018195201040018899900170029270283 a8508070993 cAnchieta - Itaigara aRei Marcos10aO menino que adivinhavalpor10aO menino que adivinhava a1010 a2005 1aÁtica 4aLiteratura infanto-juvenil cBK 00104070a88.1b88.1d2023-11-21l0o028.5 REI MENp3566/ITAr2023-11-21 20:05:14w2023-11-21yBK c70283d70283